Organización de las bases de datos /

Guardado en:
Autor Principal: Martín, James
Formato: Libro
Publicado: Madrid : Prentice/hall, 1977
Etiquetas: Agregar Etiqueta
Sin Etiquetas, Sea el primero en etiquetar este registro!
LEADER 00972nam a22001935a 4500
001 CEM.cems004173
005 20060216000000.0
008 130507s1977##################000#0#####d
003 CEMS
082 0 4 |a 001.6 
100 1 |a Martín, James 
245 1 0 |a Organización de las bases de datos / 
260 |a Madrid :  |b Prentice/hall,  |c 1977 
300 |a 544 p. 
505 0 |a Procesos algoritmicos; bucles y contadores de iteraciónes; variables con subindice; hardware; sistema ordenador; arboles, juegos y redes; sistemas de gestion; aplicaciónes numericas; lenguaje de programación ensamblador; Basic; Fortran; PL/I,operaciónes con numeros binarios, octales y hexadecimales; tablas de conversion. 
859 |a CEMS  |b BIB. CEMS - 11 de abril  |h 001.6  |i M864  |p 12152.83  |t Ej.1 
859 |a CEMS  |b BIB. CEMS - 11 de abril  |h 001.6  |i M864  |p 12153.83  |t Ej.2 
859 |a CEMS  |b BIB. CEMS - 11 de abril  |h 001.6  |i M864  |p 12154.83  |t Ej.3 
859 |a CEMS  |b BIB. CEMS - 11 de abril  |h 001.6  |i M864  |p 26488.12  |t Ej.4